000 01728nam a2200517 i 4500
001 24746
003 KOSZ 005
005 20200618115908.0
008 980702s1995 pl a f |000 0 pol
015 _aUWD 1996/2237
020 _a8301119276
035 _a991003912789705066
035 _a(PL-WaBN)b11042564-48omnis_nlop
035 _ab11042564
035 _a(OCoLC)830099284
035 _a(PL)b0000001104256
035 _a(EXLNZ-48OMNIS_NETWORK)9910389807105606
040 _aWA N
_cWA N
_dKOSZ 005/EC
041 _apol
046 _k1995
080 _a3
080 _a519.2
080 _a(075.8)
100 1 _aSteczkowski, Jan
_d(1923-2016)
_eAutor
245 1 0 _aMetoda reprezentacyjna w badaniach zjawisk ekonomiczno-społecznych /
_cJan Steczkowski.
260 _aWarszawa ;
_aKraków :
_bWydaw. Naukowe PWN,
_c1995
_e(Kiel. :
_f"Drogowiec").
300 _a424, [1] s. :
_brys., wykr. ;
_c24 cm.
336 _aTekst
_btxt
_2rdacontent
337 _aBez urządzenia pośredniczącego
_bn
_2rdamedia
338 _aWolumin
_bnc
_2rdacarrier
380 _aKsiążki
380 _aPublikacje dydaktyczne
385 _mPoziom nauczania
_aSzkoły wyższe
388 _a1901-2000
388 _a1989-2000
504 _aBibliogr. s. 396-424.
650 7 _aMetoda reprezentacyjna
_2DBN
650 7 _aNauki społeczne
_2DBN
655 7 _aPodręczniki akademickie
_2DBN
658 _aGospodarka, ekonomia, finanse
658 _aMatematyka
710 2 _aWydawnictwo Naukowe PWN
_4pbl
856 4 1 _uhttp://koha.tu.koszalin.pl/cgi-bin/koha/opac-detail.pl?biblionumber=24746http://polona.pl/item/4270392
_zKatalog online BPK
942 _2UKD
_cKS
999 _c24746
_d24746